|
|
|
|
| LEADER |
00000nkmaa2200000 a 4500 |
| 001 |
vtls011742930 |
| 003 |
SK-MaSNL |
| 005 |
20260426000417.0 |
| 007 |
kh bo |
| 008 |
230802e1950 xo | |||0 k|slo |
| 035 |
|
|
|a 289F7F17-F1D0-4C94-B381-AE985E07670E
|
| 035 |
|
|
|a urn:nbn:sk:snk-km43icr
|
| 035 |
|
|
|a urn:nbn:sk:snk-km00e5wh
|
| 040 |
|
|
|a SNKLA
|b slo
|c SNKLA
|e AACR2
|
| 041 |
0 |
|
|a slo
|
| 044 |
|
|
|a xo
|c SK
|
| 245 |
0 |
0 |
|a [Pohreb Janka Jesenského v Martine]
|h grafika
|
| 260 |
|
|
|a [S.l.
|b s.n.]
|c 1950
|
| 300 |
|
|
|a 1 fotografia
|b čb
|c 13 x 18 cm
|
| 520 |
2 |
|
|a Zobrazenie: Pohreb Janka Jesenského po prevoze telesných pozostatkov z Bratislavy na Národný cintorín v Martine, 22.5.1950. Na obr.: v pozadí sprava Július Bateľ a evanjelický farár Ľudovít Vajdička.
|
| 600 |
1 |
7 |
|a Jesenský, Janko,
|d 1874-1945
|2 SNKMA
|9 185488
|
| 600 |
1 |
7 |
|a Vajdička, Ľudovít,
|d 1907-1990
|2 SNKMA
|9 48178
|
| 600 |
1 |
7 |
|a Bateľ, Július
|2 SNKLA
|9 557258
|
| 610 |
2 |
7 |
|a Národný cintorín (Martin, Slovensko)
|2 SNKKA
|9 34949
|
| 650 |
0 |
7 |
|a pohreby
|2 SNKPH
|9 1976
|
| 651 |
|
7 |
|a Martin (Slovensko)
|2 SNKPH
|9 16875
|
| 655 |
|
7 |
|a fotografie
|2 SNKPH
|9 70713
|
| 852 |
7 |
|
|a Slovenská národná knižnica v Martine
|b Literárny archív
|
| 958 |
|
|
|a ZO
|
| 958 |
|
|
|a BLA
|
| 999 |
|
|
|c 855004
|d 856934
|
| 952 |
|
|
|a SNKLA
|b SNKLA
|c SNKLA_DEP
|y NEVYP
|7 0
|p 17A1227604
|o snkK 6/34
|i snkLA 2558/1954
|0 0
|1 0
|4 0
|d 2018-02-22
|f 1
|l 0
|r 2026-02-24 04:53:55
|w 2026-02-24
|